खानाची फजिती व चार पुस्तिका (Record no. 424978)

MARC details
000 -LEADER
fixed length control field 00593nam a2200157Ia 4500
008 - FIXED-LENGTH DATA ELEMENTS--GENERAL INFORMATION
fixed length control field 100122s9999 xx 000 0 und d
082 ## - DEWEY DECIMAL CLASSIFICATION NUMBER
Item number 45526
Classification number BM823.08
100 ## - MAIN ENTRY--PERSONAL NAME
Personal name टोळ दत्ता
245 ## - TITLE STATEMENT
Title खानाची फजिती व चार पुस्तिका
250 ## - EDITION STATEMENT
Edition statement 0
260 ## - PUBLICATION, DISTRIBUTION, ETC. (IMPRINT)
Name of publisher, distributor, etc अरगडे कुलकणी प्रकाशन
Date of publication, distribution, etc 1976
300 ## - PHYSICAL DESCRIPTION
Extent 140
630 ## - SUBJECT ADDED ENTRY--UNIFORM TITLE
Uniform title खानाची फजिती व चार पुस्तिका
730 ## - ADDED ENTRY--UNIFORM TITLE
Uniform title खानाची फजिती व चार पुस्तिका
942 ## - ADDED ENTRY ELEMENTS (KOHA)
Koha item type Book
Holdings
Withdrawn status Lost status Damaged status Not for loan Home library Current library Date acquired Cost, normal purchase price Total Checkouts Full call number Barcode Date last seen Cost, replacement price Price effective from Koha item type Public note
        S.V. Pathak Library, Vile Parle S.V. Pathak Library, Vile Parle 08/01/1991 10.00   45526 SVPPARLE-45526 01/25/2010 10.00 01/25/2010 Book General NA